000 01232nas1a22003251i 4500
001 RU\NLR\INFOCOMM31\1000123384
005 20260406184650.0
035 _a(NLR Aleph) 002319845
090 _a4378065
_c4378065
100 _a20041013c1997 |||y0rusy50 ca
101 0 _arus
102 _aRU
110 _aagu||||0|y0
200 1 _aРужье. Оружие и амуниция
_eСпециализир. оружейн. журн.
_fООО "Стайер"
210 _aСПб.
_cООО "Стайер"
_d1997-
517 1 _aОружие и амуниция
712 0 2 _4570
_a"Стайер", общество
_cСанкт-Петербург
_9395903
_3RU\NLR\AUTH\889950071
801 2 _aRU
_bNLR
_c20071205
_2rusmarc
801 1 _aRU
_bInfoComm
_c20041013
801 0 _aRU
_bNLR
_gPSBO
852 _aNLR
_jП11/3949
942 _cJOURNAL
980 _aRUSPER